[Event "Mondiale Lampo FIDE 2022"]
[Site "Alma Ata"]
[Date "29.12.2022"]
[Round "6.48"]
[White "Donchenko, Alexander"]
[Black "Vakhidov, Jakhongir"]
[Result "1-0"]
[WhiteTitle ""]
[BlackTitle ""]
[WhiteElo "2636"]
[BlackElo "2607"]
[WhiteFideId "24603295"]
[BlackFideId "14201801"]
[EventDate "29.12.2022"]

1. Nf3 g6 2. g3 Bg7 3. d4 Nf6 4. Bg2 O-O 5. O-O d6 6. b3 e5 7. dxe5 dxe5 8. Ba3
Qxd1 9. Rxd1 Re8 10. Nc3 e4 11. Ng5 e3 12. f4 c6 13. Rab1 Bf5 14. Rbc1 Nbd7 15.
h3 h5 16. Nf3 Nb6 17. Nd4 Be4 18. Nxe4 Nxe4 19. Bxe4 Rxe4 20. Nf3 Nd5 21. Kf1
Nc3 22. Rd7 Nxa2 23. Rcd1 Nc3 24. R1d3 Nb5 25. Bc5 b6 26. Rxe3 Rxe3 27. Bxe3 Bf6
28. c4 Nc3 29. Rd6 Ne4 30. Rxc6 Nxg3+ 31. Kg2 Ne4 32. Nd2 Nxd2 33. Bxd2 Bd4 34.
Rd6 Bc5 35. Rd7 a5 36. Kf3 a4 37. bxa4 Rxa4 38. Rd8+ Kh7 39. Bc3 g5 40. f5 g4+
41. hxg4 hxg4+ 42. Kg3 Kh6 43. Bf6 1-0

[Event "Mondiale Lampo FIDE 2022"]
[Site "Alma Ata"]
[Date "29.12.2022"]
[Round "6.49"]
[White "Fedorov, Alexei"]
[Black "Moiseenko, Alexander"]
[Result "0-1"]
[WhiteTitle ""]
[BlackTitle ""]
[WhiteElo "2475"]
[BlackElo "2577"]
[WhiteFideId "13500465"]
[BlackFideId "14102560"]
[EventDate "29.12.2022"]

1. e4 c5 2. d3 g6 3. g3 Bg7 4. Bg2 Nc6 5. f4 d6 6. Nf3 Nf6 7. O-O O-O 8. Nc3 Rb8
9. h3 b5 10. g4 b4 11. Ne2 c4 12. Ng3 cxd3 13. cxd3 Qb6+ 14. Kh2 Ba6 15. Re1
Rfc8 16. d4 Na5 17. g5 Nd7 18. f5 Qc7 19. Bf4 Qc2 20. f6 Bf8 21. b3 Qxd1 22.
Raxd1 exf6 23. gxf6 Nxf6 24. d5 Nd7 25. e5 dxe5 26. Nxe5 Nxe5 27. Bxe5 Rb5 28.
Ne4 f5 29. Ng5 Bb7 30. Rd2 Re8 31. Ne6 Bh6 32. Rdd1 Rb6 33. d6 Rxe6 34. d7 Bg5
35. d8=Q+ Bxd8 36. Rxd8+ Kf7 37. Rd7+ Ke8 38. Rxh7 Bxg2 39. Kxg2 Nc6 40. Bg3
Rxe1 41. Bxe1 Ra6 42. Rc7 Rxa2+ 43. Kg3 Rc2 44. Kf4 Nd4 45. Rxa7 Ne6+ 46. Kf3
Rb2 47. Rb7 Rxb3+ 48. Kf2 Ng5 49. h4 Ne4+ 50. Ke2 Rb2+ 51. Kd3 b3 52. Kc4 Rb1
53. Rxb3 Rxe1 54. Kd4 0-1

[Event "Mondiale Lampo FIDE 2022"]
[Site "Alma Ata"]
[Date "29.12.2022"]
[Round "6.50"]
[White "Bilguun, Sumiya"]
[Black "Savchenko, Boris"]
[Result "1-0"]
[WhiteTitle ""]
[BlackTitle ""]
[WhiteElo "2474"]
[BlackElo "2552"]
[WhiteFideId "4901541"]
[BlackFideId "4147332"]
[EventDate "29.12.2022"]

1. e4 c5 2. Nc3 Nc6 3. Bb5 g6 4. Bxc6 dxc6 5. f4 Nf6 6. d3 b6 7. Nf3 Bg7 8. O-O
Nd7 9. a4 a5 10. Qe1 Nf8 11. Be3 Ne6 12. Qf2 Nd4 13. Ne5 O-O 14. Bxd4 cxd4 15.
Nxc6 Qd7 16. Nd5 Re8 17. Ne5 Qd6 18. Nc4 Qc5 19. Ndxb6 Be6 20. Nxa8 Bxc4 21.
dxc4 Rxa8 22. b3 Qb4 23. Rad1 Rd8 24. e5 Qc3 25. Rd3 Qb2 26. Rfd1 Bf8 27. Rxd4
Rxd4 28. Qxd4 Qxc2 29. Qd3 Qb2 30. c5 e6 31. c6 Bc5+ 32. Kh1 Bb6 33. Qc4 Bc7 34.
h3 Qf2 35. Qd4 Qg3 36. Rd3 Qe1+ 37. Kh2 h5 38. Qe3 Qf1 39. Rd7 Bb6 40. Qxb6
Qxf4+ 41. Kh1 1-0

[Event "Mondiale Lampo FIDE 2022"]
[Site "Alma Ata"]
[Date "29.12.2022"]
[Round "6.51"]
[White "Kobalia, Mikhail"]
[Black "Kostenko, Petr"]
[Result "1-0"]
[WhiteTitle ""]
[BlackTitle ""]
[WhiteElo "2577"]
[BlackElo "2374"]
[WhiteFideId "4119150"]
[BlackFideId "13700669"]
[EventDate "29.12.2022"]

1. e4 c6 2. d4 d5 3. exd5 cxd5 4. Bd3 Nc6 5. c3 Nf6 6. Bf4 Bg4 7. Qb3 Qd7 8. Nd2
e6 9. Ngf3 Bd6 10. Bxd6 Qxd6 11. O-O O-O 12. Rae1 Bxf3 13. Nxf3 Qc7 14. Qc2 Rab8
15. Ne5 g6 16. f4 b5 17. a3 a5 18. g4 Nxe5 19. fxe5 Nd7 20. Qd2 b4 21. cxb4 axb4
22. a4 Nb6 23. b3 Qc3 24. Qxc3 bxc3 25. Rc1 Rfc8 26. Bb5 Na8 27. Rf3 Rc7 28.
Rfxc3 Rcb7 29. Rc8+ Kg7 30. g5 h6 31. h4 Nb6 32. Rxb8 Rxb8 33. Rc7 hxg5 34. hxg5
Kf8 35. Ba6 Ke8 36. Kf2 Na8 37. Rc8+ Rxc8 38. Bxc8 Kd8 39. Bb7 Nc7 40. b4 Ne8
41. Bc6 Ng7 42. Ke3 Kc7 43. Bb5 Nf5+ 44. Kd3 Ng7 45. a5 Kb7 46. Ba4 Ka6 47. Bc6
Ka7 48. b5 Kb8 1-0

[Event "Mondiale Lampo FIDE 2022"]
[Site "Alma Ata"]
[Date "29.12.2022"]
[Round "6.52"]
[White "Svane, Frederik"]
[Black "Nepomniachtchi, Ian"]
[Result "0-1"]
[WhiteTitle ""]
[BlackTitle ""]
[WhiteElo "2568"]
[BlackElo "2793"]
[WhiteFideId "12923044"]
[BlackFideId "4168119"]
[EventDate "29.12.2022"]

1. e4 c5 2. Nc3 a6 3. Nge2 b5 4. d4 cxd4 5. Nxd4 e6 6. Bd3 Bb7 7. O-O Qc7 8. Re1
Bc5 9. Nb3 Bd6 10. Qh5 Nc6 11. Be3 Nf6 12. Qh4 Ne5 13. a3 Ng6 14. Qh3 h5 15.
Rad1 Ng4 16. g3 Nxe3 17. Rxe3 h4 18. Qg2 hxg3 19. hxg3 Be5 20. Be2 f5 21. f4 Qb6
22. Qf2 Bxc3 23. Rxc3 Rh1+ 0-1

[Event "Mondiale Lampo FIDE 2022"]
[Site "Alma Ata"]
[Date "29.12.2022"]
[Round "6.53"]
[White "Makarian, Rudik"]
[Black "Sarana, Alexey"]
[Result "1-0"]
[WhiteTitle ""]
[BlackTitle ""]
[WhiteElo "2554"]
[BlackElo "2668"]
[WhiteFideId "44105681"]
[BlackFideId "24133795"]
[EventDate "29.12.2022"]

1. d3 e5 2. Nf3 Nc6 3. e4 Nf6 4. Be2 d5 5. Nbd2 Bc5 6. c3 a5 7. O-O O-O 8. Re1
Re8 9. h3 Ba7 10. Qc2 Nh5 11. exd5 Qxd5 12. Nf1 g6 13. Ng5 Nf6 14. Ne4 Qe6 15.
Bf3 Ne7 16. Nxf6+ Qxf6 17. Ng3 Qg7 18. d4 exd4 19. Bg5 Be6 20. Ne4 Nd5 21. c4 f5
22. cxd5 fxe4 23. Bxe4 Bf5 24. Bxf5 gxf5 25. Qxf5 Rf8 26. Qe6+ Rf7 27. Bh6 Qf6
28. Qg4+ Qg6 29. Re5 Qxg4 30. hxg4 d3 31. Be3 c5 32. dxc6 bxc6 33. Rd1 Rd8 34.
Rxa5 Bxe3 35. fxe3 d2 36. Rc5 Rd3 37. Rxc6 Rxe3 38. Rxd2 Kg7 39. Rcd6 Rf4 40.
Rd7+ Kh6 41. R7d4 Rf8 42. Kh2 Kg5 43. Rd5+ Kh4 44. Rh5+ Kxg4 45. Rxh7 Re6 46.
Rh3 Ra8 47. a3 Ra4 48. Rdd3 Re2 49. Rdg3+ Kf5 50. Rh5+ Kf6 51. Rb3 Rg4 52. Rg3
Ra4 53. b4 Ra2 54. Ra5 Rxa5 55. bxa5 Rc2 56. Rg4 Kf5 57. Ra4 Rc7 58. a6 Ra7 59.
Kg3 Ke5 60. Kf3 Kd5 61. g4 Kc5 62. g5 Kb5 63. Re4 Rxa6 64. Kg4 Kc5 65. Kh5 Kd5
66. Re3 Kd4 67. Re8 Rxa3 68. g6 Rh3+ 69. Kg5 Rg3+ 70. Kh6 Rh3+ 71. Kg7 Kd5 72.
Kg8 Kd6 73. g7 Kd7 74. Re4 Rh1 75. Kf7 Rf1+ 1-0

[Event "Mondiale Lampo FIDE 2022"]
[Site "Alma Ata"]
[Date "29.12.2022"]
[Round "6.54"]
[White "Sindarov, Javokhir"]
[Black "Cheng, Bobby"]
[Result "1-0"]
[WhiteTitle ""]
[BlackTitle ""]
[WhiteElo "2654"]
[BlackElo "2583"]
[WhiteFideId "14205483"]
[BlackFideId "4300033"]
[EventDate "29.12.2022"]

1. e4 e6 2. Qe2 c5 3. Nf3 Nc6 4. g3 g6 5. Bg2 Bg7 6. d3 Nge7 7. c3 O-O 8. h4 h6
9. O-O d6 10. Nbd2 b5 11. d4 cxd4 12. cxd4 a5 13. Rd1 Ba6 14. e5 b4 15. Qe1 dxe5
16. dxe5 Qc7 17. Ne4 Nd5 18. Nf6+ Nxf6 19. exf6 Bxf6 20. Bxh6 Rfd8 21. Bf4 Qe7
22. Bg5 Bb7 23. Qe3 Rxd1+ 24. Rxd1 Rd8 25. Rc1 Bxg5 26. hxg5 Qd6 27. Nh2 Rc8 28.
Ng4 Nd8 29. Re1 Bxg2 30. Kxg2 Qd5+ 31. Kg1 Kg7 32. Nf6 Qf5 33. Qd4 Nc6 34. Nh5+
Kf8 35. Qh8+ Ke7 36. Qxc8 Nd4 37. Qc7+ Ke8 38. Ng7+ 1-0

[Event "Mondiale Lampo FIDE 2022"]
[Site "Alma Ata"]
[Date "29.12.2022"]
[Round "6.55"]
[White "Niemann, Hans Moke"]
[Black "Urazayev, Arystanbek"]
[Result "0-1"]
[WhiteTitle ""]
[BlackTitle ""]
[WhiteElo "2698"]
[BlackElo "2465"]
[WhiteFideId "2093596"]
[BlackFideId "13709810"]
[EventDate "29.12.2022"]

1. d4 d5 2. Nf3 Nf6 3. Bf4 e6 4. e3 c5 5. c3 Nc6 6. Nbd2 Nh5 7. Bg5 Qb6 8. Qc2
h6 9. Bh4 g5 10. Bg3 Nxg3 11. hxg3 Bg7 12. Be2 Bd7 13. Nb3 cxd4 14. exd4 g4 15.
Nfd2 h5 16. Nc5 O-O-O 17. Ndb3 Kb8 18. a4 Bc8 19. a5 Qc7 20. a6 b6 21. Nb7 Rde8
22. Qd2 e5 23. dxe5 Rxe5 24. Kf1 Bh6 25. Qd3 Rhe8 26. Re1 Bf5 27. Qd1 Bg6 28.
Kg1 Qe7 29. Kf1 Bg5 30. f4 gxf3 31. gxf3 Re3 32. Rh2 h4 33. Qxd5 hxg3 34. Rg2
Ne5 35. N7a5 Rd8 36. Qxe5+ Qxe5 37. Nc6+ Kc7 38. Nxe5 Rxe5 39. Nd4 Rh8 40. Rxg3
Bf4 41. Rg4 Rh1+ 42. Rg1 Rh2 43. Bc4 Rxe1+ 44. Kxe1 Bh5 45. Rg8 Be3 46. Nb5+ Kd7
47. Bd5 Bg6 48. Ra8 Bd3 49. Rxa7+ Kd8 50. Ra8+ Ke7 51. Ra7+ Kf6 52. Rxf7+ Ke5
53. f4+ Kxd5 54. Rd7+ Ke4 55. Nd6+ Kf3 0-1

[Event "Mondiale Lampo FIDE 2022"]
[Site "Alma Ata"]
[Date "29.12.2022"]
[Round "6.56"]
[White "Maze, Sebastien"]
[Black "Adhiban, Baskaran"]
[Result "0-1"]
[WhiteTitle ""]
[BlackTitle ""]
[WhiteElo "2538"]
[BlackElo "2611"]
[WhiteFideId "613762"]
[BlackFideId "5018471"]
[EventDate "29.12.2022"]

1. e4 c5 2. Nf3 Nc6 3. Bb5 d6 4. O-O Bd7 5. Re1 a6 6. Bxc6 Bxc6 7. d4 cxd4 8.
Nxd4 Rc8 9. b3 Nf6 10. Nxc6 Rxc6 11. Bb2 e6 12. c4 Be7 13. e5 dxe5 14. Qxd8+
Bxd8 15. Bxe5 Ng4 16. Nc3 Nxe5 17. Rxe5 Bf6 18. Re3 b5 19. Rc1 bxc4 20. Ne4 Bd4
21. Ree1 c3 22. Rc2 Ke7 23. Rd1 e5 24. Nd2 Rd8 25. Kf1 Bxf2 26. Kxf2 Rcd6 27.
Rxc3 Rxd2+ 28. Rxd2 Rxd2+ 0-1

[Event "Mondiale Lampo FIDE 2022"]
[Site "Alma Ata"]
[Date "29.12.2022"]
[Round "6.57"]
[White "Sjugirov, Sanan"]
[Black "Damjanovic, Vuk"]
[Result "0-1"]
[WhiteTitle ""]
[BlackTitle ""]
[WhiteElo "2712"]
[BlackElo "2361"]
[WhiteFideId "4189302"]
[BlackFideId "980021"]
[EventDate "29.12.2022"]

1. d4 d5 2. c4 e6 3. Nf3 Nf6 4. Nc3 a6 5. cxd5 exd5 6. Bg5 Be6 7. Bxf6 Qxf6 8.
Qb3 Ra7 9. a3 Qd8 10. Qc2 Nd7 11. e4 dxe4 12. Nxe4 Be7 13. Bd3 h6 14. O-O-O O-O
15. Rhe1 Bg4 16. h3 Bxf3 17. gxf3 Nf6 18. Ng3 Nd5 19. Nf5 Bf6 20. Bc4 c6 21. Qe4
Ra8 22. Rg1 Kh8 23. Bd3 Bg5+ 24. Kb1 Nf6 25. Qe5 Re8 26. Qg3 Nh5 27. Qg4 Nf6 28.
Qg2 g6 29. Ng3 Nd5 30. Ne4 Nf4 31. Qg3 Nh5 32. Qg4 Nf6 33. Qg2 Nxe4 34. Bxe4 Qf6
35. h4 Bf4 36. h5 g5 37. Qf1 Rad8 38. Qc4 Rd7 39. Bc2 Red8 40. Qd3 Kg8 41. Rge1
Kf8 42. Re4 c5 43. d5 b5 44. Rde1 c4 45. Qe2 Kg7 46. Re8 Qd4 47. Rxd8 Rxd8 48.
Rd1 Qe5 49. Qe4 Qxe4 50. Bxe4 Kf6 51. a4 Ke5 52. axb5 axb5 53. d6 Rxd6 54. Rxd6
Kxd6 55. Kc2 Be5 56. Bh7 Bd4 57. Bg8 f5 58. Bh7 Ke5 59. Bg6 Bxf2 60. Be8 b4 61.
Bf7 Kd4 62. Be6 b3+ 63. Kd2 Be3+ 64. Kd1 g4 65. fxg4 f4 66. g5 hxg5 67. h6 Kc5
68. h7 Bd4 69. Kc1 f3 70. Bh3 f2 71. Bg2 g4 72. Kb1 g3 73. Kc1 Bf6 74. Bf1 Bg7
75. Bg2 Kd6 76. Bf1 Kd5 77. Bg2+ Ke6 78. Bf1 Kf6 79. Kd2 Kg5 80. Ke3 Bxb2 81.
Bxc4 Kg4 82. Bxb3 Kh3 83. Bc4 Kg2 84. Kf4 Bg7 85. Kg4 Kh2 0-1

[Event "Mondiale Lampo FIDE 2022"]
[Site "Alma Ata"]
[Date "29.12.2022"]
[Round "6.58"]
[White "Moussard, Jules"]
[Black "Sankalp, Gupta"]
[Result "1-0"]
[WhiteTitle ""]
[BlackTitle ""]
[WhiteElo "2684"]
[BlackElo "2485"]
[WhiteFideId "642908"]
[BlackFideId "5097010"]
[EventDate "29.12.2022"]

1. c4 e5 2. d3 Nf6 3. a3 d5 4. cxd5 Nxd5 5. Nf3 Nc6 6. e3 a5 7. b3 Be6 8. Bb2 f6
9. Nbd2 Be7 10. Be2 O-O 11. O-O Qd7 12. Rc1 Rfd8 13. Ne4 b6 14. Qc2 Na7 15. d4
exd4 16. Nxd4 Bf7 17. h3 c5 18. Bg4 Qb7 19. Nf5 Bf8 20. Rfd1 Bg6 21. Neg3 Qf7
22. Bf3 Nb5 23. h4 Nbc7 24. h5 Bxf5 25. Nxf5 Re8 26. e4 Nf4 27. e5 fxe5 28. Bxa8
Nxa8 29. Ng3 Nc7 30. Qe4 Nce6 31. Bxe5 Nxh5 32. Nxh5 Qxh5 33. Qc6 Ng5 34. Bf4
Ne4 35. Re1 Nf6 36. Rxe8 Qxe8 37. Qxb6 Qe4 38. Qb8 Kf7 39. Qc7+ Kg6 40. Be3 Ng4
41. Bxc5 Qf5 42. Qc6+ Kh5 43. Qf3 1-0

[Event "Mondiale Lampo FIDE 2022"]
[Site "Alma Ata"]
[Date "29.12.2022"]
[Round "6.59"]
[White "Utegaliyev, Azamat"]
[Black "Aravindh, Chithambaram VR."]
[Result "0-1"]
[BlackTitle ""]
[WhiteElo "2445"]
[BlackElo "2607"]
[WhiteFideId "13702467"]
[BlackFideId "5072786"]
[EventDate "29.12.2022"]

1. e4 c5 2. Nc3 e6 3. Nge2 a6 4. g3 b5 5. Bg2 Bb7 6. O-O d6 7. d3 Nd7 8. f4 Qc7
9. a3 Ngf6 10. h3 Be7 11. g4 h6 12. Ng3 O-O-O 13. Be3 Kb8 14. Qd2 Nb6 15. a4 b4
16. a5 Nc8 17. Na4 d5 18. e5 Nd7 19. c3 b3 20. d4 c4 0-1

[Event "Mondiale Lampo FIDE 2022"]
[Site "Alma Ata"]
[Date "29.12.2022"]
[Round "6.60"]
[White "Munkhgal, Gombosuren"]
[Black "Zhalmakhanov, Ramazan"]
[Result "1-0"]
[WhiteTitle ""]
[BlackTitle ""]
[WhiteElo "2463"]
[BlackElo "2401"]
[WhiteFideId "4901266"]
[BlackFideId "13706357"]
[EventDate "29.12.2022"]

1. d4 Nf6 2. Bf4 c5 3. dxc5 Na6 4. Nc3 Nxc5 5. f3 Qb6 6. Rb1 d6 7. e4 g6 8. Bg5
Bg7 9. Bxf6 exf6 10. Nd5 Qd8 11. Bb5+ Kf8 12. b4 Ne6 13. Ne2 Nc7 14. Bc4 Nxd5
15. Bxd5 f5 16. O-O h5 17. Kh1 h4 18. h3 Bf6 19. Nd4 fxe4 20. fxe4 Kg7 21. Qd3
Rf8 22. Rf3 Be5 23. Rbf1 f6 24. c4 Qe7 25. Nc2 a5 26. b5 Rb8 27. Ne3 Bd7 28. a4
Qd8 29. Qd2 Qb6 30. Qe1 Rh8 31. Qf2 Qc5 32. Rxf6 Bg3 33. Rf7+ Kh6 34. Qf3 Rbd8
35. Ng4+ Bxg4 36. Qxg4 Qd4 37. R7f6 Rhg8 38. Bxg8 Rxg8 39. Rf7 Qxc4 40. Qd7 Qxe4
41. Rh7+ Kg5 42. Qf7 Rc8 1-0

[Event "Mondiale Lampo FIDE 2022"]
[Site "Alma Ata"]
[Date "29.12.2022"]
[Round "6.61"]
[White "Pantsulaia, Levan"]
[Black "Batsuren, Dambasuren"]
[Result "1-0"]
[WhiteTitle ""]
[BlackTitle ""]
[WhiteElo "2597"]
[BlackElo "2525"]
[WhiteFideId "13602071"]
[BlackFideId "4902920"]
[EventDate "29.12.2022"]

1. Nf3 Nf6 2. g3 b5 3. Bg2 Bb7 4. O-O e6 5. b3 c5 6. c4 bxc4 7. bxc4 Be7 8. Nc3
O-O 9. Rb1 Bc6 10. Re1 d6 11. e4 Nbd7 12. d4 Nb6 13. d5 exd5 14. cxd5 Bb7 15. a4
Rb8 16. a5 Nc4 17. Qa4 Ba6 18. Bf1 Qd7 19. Qa2 Rxb1 20. Nxb1 Qb7 21. Bxc4 Bxc4
22. Qxc4 Qxb1 23. e5 dxe5 24. Nxe5 Bd6 25. Nc6 Qf5 26. Bf4 Qd7 27. Bg5 Re8 28.
Rxe8+ Nxe8 29. Be3 Nf6 30. Bxc5 Bxc5 31. Qxc5 a6 32. d6 h6 33. Ne7+ Kf8 34. Qc7
Qe6 35. Qc6 Ne8 36. Nc8 Qe1+ 37. Kg2 Qe6 38. h3 h5 39. Qc5 Qe4+ 40. Kh2 Qd3 1-0

[Event "Mondiale Lampo FIDE 2022"]
[Site "Alma Ata"]
[Date "29.12.2022"]
[Round "6.62"]
[White "Haldorsen, Benjamin"]
[Black "Kovalev, Vladislav"]
[Result "0-1"]
[WhiteTitle ""]
[BlackTitle ""]
[WhiteElo "2449"]
[BlackElo "2623"]
[WhiteFideId "1512633"]
[BlackFideId "13504398"]
[EventDate "29.12.2022"]

1. Nf3 Nf6 2. c4 g6 3. b3 Bg7 4. Bb2 O-O 5. g3 d6 6. d4 e5 7. dxe5 Ng4 8. Bg2
Nxe5 9. Nc3 Nxf3+ 10. Bxf3 Nd7 11. O-O Nc5 12. Qd2 Bh3 13. Rfd1 a5 14. Nd5 Be6
15. Bxg7 Kxg7 16. Qc3+ f6 17. Nf4 Bf7 18. h4 Qe7 19. e3 Qe5 20. Qc2 Rfe8 21. a3
a4 22. b4 Nb3 23. Rab1 c6 24. Kg2 Red8 25. Rd3 Rac8 26. Rbd1 b5 27. c5 d5 28.
Qc3 Re8 29. Ne2 Qf5 30. g4 Qe5 31. Rh1 Re7 32. h5 Rce8 33. h6+ Kg8 34. Nd4 Nxd4
35. Qxd4 Qxd4 36. Rxd4 g5 37. Kg3 Bg6 38. Bd1 Kf7 39. Rh2 Re4 40. Rd2 Rc4 41.
Be2 Rc3 42. Ra2 d4 43. Bf3 dxe3 44. fxe3 Rexe3 45. Rhf2 Be4 0-1

[Event "Mondiale Lampo FIDE 2022"]
[Site "Alma Ata"]
[Date "29.12.2022"]
[Round "6.63"]
[White "Hambleton, Aman"]
[Black "Gharibyan, Mamikon"]
[Result "0-1"]
[WhiteTitle ""]
[BlackTitle ""]
[WhiteElo "2437"]
[BlackElo "2480"]
[WhiteFideId "2606577"]
[BlackFideId "13308300"]
[EventDate "29.12.2022"]

1. d4 Nf6 2. Bf4 d5 3. e3 c5 4. c3 Nc6 5. Nd2 Bf5 6. Qb3 Qc8 7. Ngf3 e6 8. Be2
Be7 9. O-O O-O 10. dxc5 Bxc5 11. c4 d4 12. exd4 Nxd4 13. Nxd4 Bxd4 14. Bf3 Qc5
15. Bxb7 Rad8 16. Nf3 e5 17. Nxd4 Qxd4 18. Be3 Qh4 19. Bxa7 Rd3 20. Qb6 Ng4 21.
h3 Rxh3 22. gxh3 Qxh3 23. Rfe1 Bd3 0-1

[Event "Mondiale Lampo FIDE 2022"]
[Site "Alma Ata"]
[Date "29.12.2022"]
[Round "6.64"]
[White "Aleksandrov, Aleksej"]
[Black "Nguyen, Thai Dai Van"]
[Result "0-1"]
[WhiteTitle ""]
[BlackTitle ""]
[WhiteElo "2495"]
[BlackElo "2656"]
[WhiteFideId "13500139"]
[BlackFideId "358878"]
[EventDate "29.12.2022"]

1. Nf3 c5 2. e3 Nf6 3. d4 d5 4. c4 e6 5. Nc3 Nc6 6. a3 dxc4 7. Bxc4 a6 8. dxc5
Qxd1+ 9. Kxd1 Bxc5 10. Ke2 b5 11. Bd3 Bb7 12. b4 Be7 13. Bb2 O-O 14. Rac1 Rac8
15. Rc2 Rfd8 16. Rhc1 Nb8 17. Nb1 Kf8 18. Nbd2 Rxc2 19. Rxc2 Rc8 20. Rxc8+ Bxc8
21. Nd4 Bb7 22. f3 Ke8 23. N4b3 g6 24. e4 Nfd7 25. Ke3 Nc6 26. g3 Bd8 27. f4
Bb6+ 28. Ke2 Ke7 29. Nf3 f6 30. Bc1 Bc7 31. Be3 e5 32. Nc5 Nxc5 33. Bxc5+ Bd6
34. Bxd6+ Kxd6 35. Ke3 Bc8 36. Nd2 Be6 37. Nf3 Bf7 38. Nd2 h6 39. h4 Be6 40. Nf3
Bg4 41. Nd2 Bd1 42. Be2 Bxe2 43. Kxe2 exf4 44. gxf4 g5 45. hxg5 fxg5 46. Ke3
gxf4+ 47. Kxf4 Nd4 48. e5+ Kd5 49. Ne4 Ne2+ 50. Kf5 Nd4+ 51. Kf4 Nc2 52. Kf5
Ne3+ 53. Kf4 Nc4 54. Nc5 Nxe5 55. Nxa6 Nd7 56. Kf5 Kc6 57. Kg6 Kb6 58. Nc5 Nxc5
59. bxc5+ Kxc5 60. Kxh6 Kc4 61. Kg5 Kb3 0-1

[Event "Mondiale Lampo FIDE 2022"]
[Site "Alma Ata"]
[Date "29.12.2022"]
[Round "6.65"]
[White "Kazakov, Konstantin"]
[Black "Dardha, Daniel"]
[Result "0-1"]
[WhiteTitle ""]
[BlackTitle ""]
[WhiteElo "2385"]
[BlackElo "2606"]
[WhiteFideId "13700898"]
[BlackFideId "240990"]
[EventDate "29.12.2022"]

1. d4 Nf6 2. Nf3 b6 3. Bf4 Bb7 4. e3 Nh5 5. Bg5 h6 6. Bh4 g5 7. Bg3 d6 8. Nbd2
e6 9. c3 Nd7 10. Qc2 Bg7 11. Bd3 Qe7 12. Be4 c6 13. Bd3 c5 14. O-O-O Nxg3 15.
hxg3 O-O-O 16. Qa4 Kb8 17. Ba6 Ba8 18. Kb1 Nf6 19. Rhf1 Qc7 20. Bd3 Bc6 21. Bb5
Bb7 22. Ka1 Qc8 23. Bd3 a6 24. Qb3 Ka7 25. Qa3 Qc7 26. e4 d5 27. dxc5 dxe4 28.
cxb6+ Qxb6 29. Ne5 Qc7 30. Nxf7 Qxf7 31. Qc5+ Kb8 32. Bc4 Qc7 33. Qb4 Ka7 34.
Bxe6 Qb6 35. Qxb6+ Kxb6 36. Bb3 Ng4 37. Kb1 Rhf8 38. Nc4+ Kc7 39. Rxd8 Rxd8 40.
Ne3 Nxe3 41. fxe3 Be5 42. g4 Bc8 43. Rf7+ Rd7 44. Rf5 Re7 45. Rf8 Bxg4 46. Bd5
Bd6 47. Rf6 h5 48. Rg6 Re5 49. c4 Bd7 50. Rg7 h4 51. Kc2 g4 52. Kc3 Rxd5 53.
Rxd7+ Kxd7 54. cxd5 h3 55. Kd4 0-1

[Event "Mondiale Lampo FIDE 2022"]
[Site "Alma Ata"]
[Date "29.12.2022"]
[Round "6.66"]
[White "Harsha, Bharathakoti"]
[Black "Gadimbayli, Abdulla"]
[Result "1-0"]
[WhiteTitle ""]
[BlackTitle ""]
[WhiteElo "2593"]
[BlackElo "2524"]
[WhiteFideId "5078776"]
[BlackFideId "13404938"]
[EventDate "29.12.2022"]

1. c4 Nf6 2. Nc3 e5 3. Nf3 Nc6 4. g3 Nd4 5. Bg2 Nxf3+ 6. Bxf3 Bc5 7. Na4 Be7 8.
d4 d6 9. Nc3 O-O 10. O-O Bh3 11. Re1 c6 12. b3 Qa5 13. Bb2 Rad8 14. e4 Nd7 15.
Bh1 exd4 16. Qxd4 Bf6 17. Qd2 Rfe8 18. Rad1 Qh5 19. Ne2 Bxb2 20. Qxb2 Bg4 21.
Rxd6 Ne5 22. Rxd8 Rxd8 23. Nf4 Qg5 24. h3 Bf3 25. Qc3 Bxh1 26. Kxh1 h5 27. h4
Qe7 28. Kg2 g6 29. Re2 Ng4 30. f3 Ne5 31. Rd2 Rxd2+ 32. Qxd2 Qa3 33. Nh3 a5 34.
Ng5 a4 35. Qc2 Qb4 36. f4 Ng4 37. Qd3 Qe1 38. Nh3 Ne3+ 39. Kf3 Ng4 40. Kg2 Ne3+
41. Kf3 Ng4 42. Kg2 1-0

[Event "Mondiale Lampo FIDE 2022"]
[Site "Alma Ata"]
[Date "29.12.2022"]
[Round "6.67"]
[White "Suleymenov, Alisher"]
[Black "Alonso Rosell, Alvar"]
[Result "1-0"]
[WhiteTitle ""]
[BlackTitle ""]
[WhiteElo "2476"]
[BlackElo "2561"]
[WhiteFideId "13707833"]
[BlackFideId "2270544"]
[EventDate "29.12.2022"]

1. d4 Nf6 2. c4 e6 3. Nf3 d5 4. Nc3 Bb4 5. Bg5 h6 6. Bxf6 Qxf6 7. Qa4+ Nc6 8. e3
O-O 9. Be2 dxc4 10. O-O Bxc3 11. bxc3 Bd7 12. Qxc4 Qe7 13. e4 b6 14. Rfe1 Na5
15. Qd3 c5 16. d5 c4 17. Qd4 Rfe8 18. Bxc4 Nxc4 19. Qxc4 Rac8 20. Qa6 exd5 21.
exd5 Qf6 22. Qxa7 Rxe1+ 23. Rxe1 Bg4 24. Ne5 Re8 25. Qc7 Bf5 26. h3 Rc8 27. Qb7
Rxc3 28. Qb8+ Kh7 29. d6 Rc5 30. d7 Rd5 31. Qe8 Rd2 32. Nxf7 Bxd7 33. Qh8+ Kg6
34. Ne5+ Kh5 35. Nf3 Rxa2 36. Re5+ Bf5 37. Rxf5+ Qxf5 38. g4+ Qxg4+ 39. hxg4+
Kxg4 40. Qxg7+ 1-0

[Event "Mondiale Lampo FIDE 2022"]
[Site "Alma Ata"]
[Date "29.12.2022"]
[Round "6.68"]
[White "Makhnev, Denis"]
[Black "Tsaruk, Maksim"]
[Result "0-1"]
[WhiteTitle ""]
[BlackTitle ""]
[WhiteElo "2481"]
[BlackElo "2373"]
[WhiteFideId "13707647"]
[BlackFideId "13511173"]
[EventDate "29.12.2022"]

1. d4 d5 2. Nf3 Nf6 3. c4 dxc4 4. e3 e6 5. Bxc4 a6 6. O-O c5 7. Be2 Nc6 8. Ne5
Bd7 9. Bf3 Rc8 10. Nc3 Qc7 11. Nxd7 Qxd7 12. d5 exd5 13. Nxd5 Nxd5 14. Qxd5 Qxd5
15. Bxd5 Bd6 16. e4 Ke7 17. Be3 b5 18. a4 c4 19. axb5 axb5 20. Ra6 Nb4 21. Ra7+
Rc7 22. Rxc7+ Bxc7 23. Bc5+ Bd6 24. Bxd6+ Kxd6 25. Bxf7 Ke5 26. Ra1 Rd8 27. g3
Kxe4 28. Ra5 Rb8 29. Ra7 Nd3 30. Be6 Nxb2 31. Rxg7 b4 32. Rxh7 b3 33. Rc7 Kd3
34. Rd7+ Kc2 35. Rc7 Kc3 36. h4 Re8 37. Bf7 Re4 38. h5 Nd3 39. Bg6 Re1+ 40. Kg2
b2 41. Rb7 b1=Q 42. Rxb1 Rxb1 43. h6 Rb8 44. f4 Kd4 45. h7 c3 0-1

[Event "Mondiale Lampo FIDE 2022"]
[Site "Alma Ata"]
[Date "29.12.2022"]
[Round "6.69"]
[White "Khripachenko, Alexander"]
[Black "Christiansen, Johan-Sebastian"]
[Result "1-0"]
[WhiteTitle ""]
[BlackTitle ""]
[WhiteElo "2219"]
[BlackElo "2578"]
[WhiteFideId "54184975"]
[BlackFideId "1512668"]
[EventDate "29.12.2022"]

1. e4 e5 2. Nf3 Nc6 3. Bc4 Nf6 4. d3 h6 5. a4 d6 6. Nc3 g6 7. h3 Bg7 8. Be3 O-O
9. O-O Be6 10. Qe2 Kh7 11. Rad1 Qe7 12. d4 exd4 13. Nxd4 Bxc4 14. Qxc4 Ne5 15.
Qb3 c6 16. Rfe1 Qc7 17. Bf4 Rfe8 18. Bh2 Rad8 19. Nde2 Nfd7 20. f4 Nc5 21. Qa2
Ned7 22. Qxf7 Rf8 23. Qc4 Rde8 24. b4 Na6 25. Kh1 Nb6 26. Qb3 Qe7 27. a5 Nd7 28.
Qc4 Nc7 29. Qd3 d5 30. exd5 cxd5 31. Nxd5 Nxd5 32. Qxd5 Nf6 33. Qf3 Qxb4 34. f5
g5 35. Qc3 Qa4 36. Ng3 Rxe1+ 37. Rxe1 Qb5 38. Re7 Re8 39. Qxf6 Qb1+ 40. Bg1 Rxe7
41. Qxe7 Qb2 42. Nh5 1-0